| 000 | 00344nam a22001337a 4500 | ||
|---|---|---|---|
| 082 |
_aP-550 _cD |
||
| 100 |
_aBadar Munir _947604 |
||
| 245 |
_aAnalysis of rutted road section _cbadar munir, jahangir khan |
||
| 260 |
_aNust MCE _bMCE _c2010 |
||
| 300 |
_a81p.: _c40cm. |
||
| 526 |
_a0 _b0 _c0 _dP_550 |
||
| 650 |
_aProject _947605 |
||
| 942 |
_2ddc _cBK |
||
| 999 |
_c550793 _d550793 |
||